Ministros del Gobierno de España - Estadísticas

Estadísticas generales
  • Esta prueba ha sido intentada 98 veces
    43 desde el último reinicio
  • La puntuación promedio es 16 de 22
Estadísticas de respuestas
Ministerio Ministro % Correcto
Presidencia, Justicia y Relaciones con las Cortes Félix Bolaños
95%
Interior Fernando Grande-Marlaska
95%
Vicepresidencia 2ª y Trabajo y Economía Social Yolanda Díaz
95%
Vicepresidencia 1ª y Economía, Comercio y Empresa Carlos Cuerpo
89%
Defensa Margarita Robles
89%
Sanidad Mónica García
84%
Transportes y Movilidad Sostenible Óscar Puente
84%
Cultura Ernest Urtasun
79%
Asuntos Exteriores, Unión Europea y Cooperación José Manuel Albares
79%
Vicepresidencia 3ª y Transición Ecológica y Reto Demográfico Sara Aagesen
79%
Igualdad Ana Redondo
74%
Vivienda y Agenda Urbana Isabel Rodríguez
68%
Juventud e Infancia Sira Rego
68%
Hacienda Arcadi España
63%
Agricultura, Pesca y Alimentación Luis Planas
63%
Derechos Sociales, Consumo y Agenda 2030 Pablo Bustinduy
63%
Política Territorial y Memoria Democrática Ángel Víctor Torres
58%
Industria y Turismo Jordi Hereu
58%
Transformación Digital y Función Pública Óscar López
58%
Cultura, Innovación y Universidades Diana Morant
53%
Inclusión, Seguridad Social y Migraciones Elma Saiz
53%
Educación, Formación Profesional y Deportes Milagros Tolón
47%
No se encontraron pruebas coincidentes
Distribución de puntuación
Porcentaje de gente con cada puntuación
Porcentaje por número respondido
Historial de tus puntuaciones
No has intentado esta prueba desde el último reinicio